000 00804cab a2200253 4500
001 WB3123-45
008 090401t1995 xxu||||| |||| 00| 0 eng d
035 _a(Sirsi) u3217
041 _aeng
245 _aDocklands road tunnel
260 _c1995
350 _a0
490 _aIndependent
_v16 June 1995, 8(1)
520 _aThe NAO has criticised the building of the Limehouse Link by the LDDC; the cost was too high and the tunnel brought no economic benefit.
650 _aCOST BENEFIT ANALYSIS
650 _aLIMEHOUSE LINK
650 _aLONDON DOCKLANDS
650 _aNATIONAL AUDIT OFFICE
650 _aOLYMPIA AND YORK
650 _aPROPERTY-INFRASTRUCTURE-TRANSPORT INFRASTRUCTURE-ROAD INFRASTRUCTURE
690 _aTRANSPORT AND COMMUNICATIONS
942 _n0
948 _c04/03/1997
999 _c1965
_d1965